000 00394nam a22001577a 4500
003 OSt
005 20240326102934.0
008 221209b xxu||||| |||| 00| 0 eng d
020 _a 0582300975
040 _cIIMT UNIVERSITY,MEERUT
100 _aCURRAN , PAUL J.
245 _aPRINCIPLES OF REMOTE SENSING
260 _aJAIPUR
_bRAWAT PUBLICATIONS
_c2020
300 _a282
942 _2ddc
_c01
999 _c56151
_d56151